LEADER 01160nam0-2200385---450- 001 990000877540203316 005 20090518142804.0 010 $a88-13-20083-8 035 $a0087754 035 $aUSA010087754 035 $a(ALEPH)000087754USA01 035 $a0087754 100 $a20020116d1997----km-y0ITAy01------ba 101 $aita 102 $aIT 105 $a||||||||001yy 200 1 $aChiusura delle indagini preliminari e udienza preliminare$fSergio Ramajoli 205 $a2.ed. 210 $aPadova$cCEDAM$d1997 215 $aXII, 184 p$d24 cm 606 0 $aUdienza preliminare 606 0 $aProcesso penale$xRiforma 676 $a345.4505 700 1$aRAMAJOLI,$bSergio$0232616 801 0$aIT$bsalbc$gISBD 912 $a990000877540203316 951 $aXXVI.2.C 323 (IG XI 449 A)$b13959 G$cXXVI.2.C 323 (IG XI)$d00172611 959 $aBK 969 $aGIU 979 $aPATTY$b90$c20020116$lUSA01$h1145 979 $c20020403$lUSA01$h1732 979 $aPATRY$b90$c20040406$lUSA01$h1700 979 $aRSIAV1$b90$c20090518$lUSA01$h1428 996 $aChiusura delle indagini preliminari e udienza preliminare$9575396 997 $aUNISA LEADER 02026nam 2200577Ia 450 001 9910782555503321 005 20230607222252.0 010 $a1-280-83537-0 010 $a9786610835379 010 $a0-19-803303-6 035 $a(CKB)1000000000557131 035 $a(EBL)431091 035 $a(OCoLC)317117856 035 $a(SSID)ssj0000162084 035 $a(PQKBManifestationID)11160630 035 $a(PQKBTitleCode)TC0000162084 035 $a(PQKBWorkID)10199598 035 $a(PQKB)10694653 035 $a(MiAaPQ)EBC431091 035 $a(Au-PeEL)EBL431091 035 $a(CaPaEBR)ebr10269113 035 $a(CaONFJC)MIL83537 035 $a(EXLCZ)991000000000557131 100 $a20000913d2002 uy 0 101 0 $aeng 135 $aurcn||||||||| 181 $ctxt 182 $cc 183 $acr 200 10$aGeomodeling$b[electronic resource] /$fJean-Laurent Mallet 210 $aOxford ;$aNew York $cOxford University Press$d2002 215 $a1 online resource (612 p.) 225 1 $aApplied geostatistics series 300 $aDescription based upon print version of record. 311 $a0-19-514460-0 320 $aIncludes bibliographical references (p. 581-594) and index. 327 $aContents; 1 Discrete Modeling for Natural Objects; 2 Cellular Partitions; 3 Tessellations; 4 Discrete Smooth Interpolation; 5 Elements of Differential Geometry; 6 Piecewise Linear Triangulated Surfaces; 7 Curvilinear Triangulated Surfaces; 8 Elements of Structural Geology; 9 Stochastic Modeling; 10 Discrete Smooth Partition; Index 410 0$aApplied geostatistics series. 606 $aComputer-aided design 606 $aGeology$xComputer simulation 615 0$aComputer-aided design. 615 0$aGeology$xComputer simulation. 676 $a550/.1/13 700 $aMallet$b Jean-Laurent$01462454 801 0$bMiAaPQ 801 1$bMiAaPQ 801 2$bMiAaPQ 906 $aBOOK 912 $a9910782555503321 996 $aGeomodeling$93671437 997 $aUNINA